Alemán instrumental para científicos de habla española: matemáticos, físicos, químicos sin conocimientos previos
Պահպանված է:
| Հիմնական հեղինակ: | |
|---|---|
| Ձևաչափ: | Գիրք |
| Լեզու: | գերմաներեն իսպաներեն |
| Հրապարակվել է: |
Múnich
Max Hueber
1975
|
| Հրատարակություն: | 1a. ed |
| Խորագրեր: | |
| Ցուցիչներ: |
Ավելացրեք ցուցիչ
Չկան պիտակներ, Եղեք առաջինը, ով նշում է այս գրառումը!
|
MARC
| LEADER | 00000cam a2200000 a 4500 | ||
|---|---|---|---|
| 001 | UCC1988 | ||
| 003 | CL-VaPUC | ||
| 008 | 171230e19750000gw |||||||||||||||||ger|d | ||
| 020 | |a 3190012369 | ||
| 041 | 0 | 7 | |a ger |2 CL-VaPUC |
| 041 | 0 | 7 | |a spa |2 CL-VaPUC |
| 082 | 0 | 4 | |a 435 |b BEC |2 21 |
| 100 | 0 | |a Becker, Norbert |e author |9 596113 | |
| 245 | 1 | 0 | |a Alemán instrumental para científicos de habla española: matemáticos, físicos, químicos sin conocimientos previos |
| 246 | 1 | 0 | |a Fachdeutsch für spanischsprachige Naturwissenschaftler: Mathematiker, Physiker, Chemiker ohne Vorkenntnisse |
| 250 | |a 1a. ed | ||
| 300 | |a 144 p | ||
| 942 | |c BK | ||
| 945 | |d 20171230 00:11:00 |a dcastane | ||
| 260 | |a Múnich |b Max Hueber |c 1975 | ||
| 650 | 0 | |a Alemán |9 330722 | |
| 650 | 7 | |a ENSEÑANZA DEL ALEMAN |2 CL-VaPUC |9 455667 | |
| 650 | 0 | |a Enseñanza de idiomas |9 339820 | |
| 583 | |a last modification |c 20171230 00:11:00 |k Rodrigo Vera | ||
| 999 | |c 370308 |d 370306 | ||
| 952 | |0 0 |1 0 |3 erb |4 0 |6 435_000000000000000_BEC_1975 |7 0 |8 A |9 486700 |a BIBALI |b BIBALI |c GEN |i 5442923 |o 435 BEC 1975 |p 5442923 |r 2025-01-20 |w 2019-11-24 |y BK |z Catalogado en:20171230 |k ALI | ||